Escritos sobre el teatro: textos reunidos y presentados por Jean-Loup Rivière

Saved in:
Bibliografiske detaljer
Hovedforfatter: Barthes, Roland (Author)
Format: Bog
Sprog:spansk
Udgivet: Barcelona Paidóa Ibérica 2009
Serier:Biblioteca Roland Barthes, 4
Fag:
Tags: Tilføj Tag
Ingen Tags, Vær først til at tagge denne postø!

MARC

LEADER 00000nam a2200000 a 4500
001 UCG2189
003 CL-VaPUC
008 100624e20090000SP |||||||||||||||||spa|d
020 |a 9788449322891 
082 0 4 |a 809.2  |b BAR  |2 21 
100 |a Barthes, Roland  |e author  |9 265510 
245 1 0 |a Escritos sobre el teatro: textos reunidos y presentados por Jean-Loup Rivière 
300 |a 381 p 
942 |c BK 
945 |d 20100624 00:00:00  |a dcastane 
260 |a Barcelona  |b Paidóa Ibérica  |c 2009 
650 0 |a Drama  |9 265034 
650 0 |a Artes escénicas  |9 318853 
650 0 |a Arte figurativo   |9 550558 
650 0 |a Historia y crítica   |9 257407 
583 |a last modification  |c 20100624 00:00:00  |k Rodrigo Vera 
490 0 |a Biblioteca Roland Barthes, 4 
999 |c 341418  |d 341416 
952 |0 0  |1 0  |4 0  |6 809_200000000000000_BAR_2009  |7 0  |8 R  |9 436904  |a BIBEDU  |b BIBEDU  |c MCIRC  |d 2019-11-22  |i 4684958  |l 1  |o 809.2 BAR 2009  |p 4684958  |r 2023-01-13  |s 2022-08-17  |w 2019-11-22  |y BK_R  |k LIT